000 00543nam a2200205Ia 4500
003 OSt
005 20230511150424.0
008 210423s1990 xx 000 0 und d
040 _cAL
041 _aeng
082 _a338.9
_223
_bNUSQ
100 _aNUSSBAUM (Maetha C);SEN (Amartya)
_9103542
245 _aQuality of life
260 _aKottaym
_bOxford University Press
_c1990
365 _b395
_cINR
650 _aEconomics
_9103543
650 _aEconomics of Development
_9103544
906 _alife ; life. ; Quality
942 _2ddc
_cBK
999 _c172033
_d172033